Las culturas y el tiempo

Guardat en:
Dades bibliogràfiques
Autors principals: Ricoeur, Paul (Autor), Larre, Claude (Autor), Bäumer, Bettina (Autor), Kagame, Alexis (Autor), Gardet, Louis (Autor), Meziane, Abdelmajid (Autor), Gurevitch, A. Y (Autor)
Altres autors: Panikkar, Raimon (Panikkar, Raimundo) (autor), Lloyd, Geoffrey Ernest Richard (autor), Neher, André (autor), Páttaro, Germano (autor)
Format: Llibre
Idioma:espanyol
Publicat: Salamanca Sígueme 1979
Col·lecció:Hermeneia, 16
Matèries:
Etiquetes: Afegir etiqueta
Sense etiquetes, Sigues el primer a etiquetar aquest registre!

MARC

LEADER 00000nam a2200000 a 4500
001 UCZ5777
003 CL-VaPUC
008 951124e19790000SP |||||||||||||||||spa|d
082 0 4 |a 398.33  |b RIC  |2 21 
100 0 |a Ricoeur, Paul  |e author  |9 446 
700 0 |a Larre, Claude  |e author  |9 349949 
700 |a Panikkar, Raimon  |q (Panikkar, Raimundo)  |e autor  |9 355650 
700 0 |a Bäumer, Bettina  |e author  |9 349951 
700 0 |a Kagame, Alexis  |e author  |9 349952 
700 |a Lloyd, Geoffrey Ernest Richard  |e autor  |9 453732 
700 |a Neher, André  |e autor  |9 349954 
700 |a Páttaro, Germano  |e autor  |9 349955 
700 |a Gardet, Louis  |e author  |9 349956 
700 0 |a Meziane, Abdelmajid  |e author  |9 349957 
700 0 |a Gurevitch, A. Y  |e author  |9 349958 
245 1 4 |a Las culturas y el tiempo 
300 |a 288 p 
942 |c BK 
945 |d 19951124 00:00:00  |a lriquelm 
260 |a Salamanca  |b Sígueme  |c 1979 
650 0 |a Cultura  |9 269059 
650 0 |a Tiempo   |9 267892 
650 0 |a Comportamiento   |9 308406 
650 7 |a PERCEPCION TEMPORAL  |2 CL-VaPUC  |9 349959 
583 |a last modification  |c 19951124 00:00:00  |k Rodrigo Vera 
490 0 |a Hermeneia, 16 
999 |c 242066  |d 242064 
952 |0 0  |1 0  |4 0  |6 398_330000000000000_RIC_1979  |7 0  |8 P  |9 254771  |a BIBEDU  |b BIBEDU  |c BIBEDU_PB  |d 2019-11-19  |i 1577085  |o 398.33 RIC 1979  |p 1577085  |r 2024-01-25  |w 2019-11-19  |y BK  |k FIL 
952 |0 0  |1 0  |4 0  |6 398_330000000000000_RIC_1979  |7 0  |8 A  |9 254772  |a FDOPOS  |b FDOPOS  |d 2019-11-19  |i 1467735  |o 398.33 RIC 1979  |p 1467735  |r 2025-01-22  |w 2019-11-19  |y BK  |k MLA